Hizbullah's DNA and the Arab spring / (Record no. 92547)

MARC details
000 -LEADER
fixed length control field 00931nam a22002537a 4500
005 - DATE AND TIME OF LATEST TRANSACTION
control field 20230704114620.0
010 ## - LCCN (DPL NO)
LC control number ENG-112520 ENG-137264
020 ## - INTERNATIONAL STANDARD BOOK NUMBER
International Standard Book Number 9789381904398
Terms of availability 720.00
035 ## - SYSTEM CONTROL NUMBER
System control number EN-96052 EN-120796
037 ## - SOURCE OF ACQUISITION
Source of stock number/acquisition DBAD/PUB
082 ## - DEWEY DECIMAL CLASSIFICATION NUMBER
Classification number 324.25692082
100 ## - MAIN ENTRY--PERSONAL NAME
Personal name Alagha, Joseph
245 00 - TITLE STATEMENT
Title Hizbullah's DNA and the Arab spring /
Statement of responsibility, etc by Joseph Alaghe
260 ## - PUBLICATION, DISTRIBUTION, ETC. (IMPRINT)
Place of publication, distribution, etc New Delhi
Name of publisher, distributor, etc KW Publishers in association with Calcutta University
Date of publication, distribution, etc 2013
270 ## - ADDRESS
Address 4676/21, First Floor, Ansari Road, Daryaganj,
City New Delhi
Postal code 110002
300 ## - PHYSICAL DESCRIPTION
Extent xxix,370p.
Dimensions 24cm(Hb)
500 ## - GENERAL NOTE
General note Includes bibliographical references (pages 285-299) and index.
610 ## - SUBJECT ADDED ENTRY--CORPORATE NAME
Corporate name or jurisdiction name as entry element Hizballah (Lebanon)
650 ## - SUBJECT ADDED ENTRY--TOPICAL TERM
Topical term or geographic name as entry element Islam and politics
Geographic subdivision Lebanon.
650 ## - SUBJECT ADDED ENTRY--TOPICAL TERM
Topical term or geographic name as entry element Arab Spring, 2010-
650 ## - SUBJECT ADDED ENTRY--TOPICAL TERM
Topical term or geographic name as entry element Palestinian Arabs
General subdivision Politics and government
Chronological subdivision 1993-
710 ## - ADDED ENTRY--CORPORATE NAME
Corporate name or jurisdiction name as entry element University of Calcutta.
942 ## - ADDED ENTRY ELEMENTS (KOHA)
Source of classification or shelving scheme Dewey Decimal Classification
Item type English Books
Call number suffix ALA
Classification part 324.25692082
Holdings
Withdrawn status Lost status Not for loan Collection code Home library Current library Date acquired Source of acquisition Cost, normal purchase price Full call number Barcode Copy number Cost, replacement price Koha item type
    Not For Loan Non-fiction D.B.Act.Division D.B.Act.Division 26/03/2015 DBAD/PUB 1395.00 324.25692082 ALA EN-96052 1 1395.00 English Books
      Non-fiction D.B.Act.Division Mobile Library 04/07/2023 DBAD/PUB 720.00 324.25692082 ALA EN-120796 1 720.00 English Books

© Delhi Public Library
Hit Counter
free hit counter